000 00931nam a2200289 i 4500
001 12125
003 ES-MaACL
005 20250812224908.0
007 t|
008 970414s1995 sp ||||1| spa d
020 _a84-206-6816-8
080 _a336.2.043
080 _a338.23:336.2
080 _a336.2:338.23
100 1 _aCowell, Frank A.
_941373
245 1 0 _aEngañar al Estado
_b: un análisis económico de la evasión /
_cFrank A. Cowell ; versión española de Esther Rabasco y Luis Toharia.
260 _aMadrid :
_bAlianza Editorial,
_c[1995]
300 _a221 p. ;
_c23 cm.
490 1 _aAlianza economía ;
_v16
650 4 _aEvasión fiscal.
_912624
650 1 4 _aPolítica fiscal.
_916296
700 1 _aRabasco, Esther.
_994844
700 1 _aToharia, Luis.
_9110425
830 0 0 _aAlianza economía y finanzas
_v16
_9178105
852 4 _aES-MaACL
_jL-19463
_9R.124675
999 _c12125
_d12125